[Event "Zuerich op-B 36th"]
[Site "Zuerich"]
[Date "2012.12.26"]
[Round "1"]
[White "Maffioli, Massimo"]
[Black "Baer, Ueli"]
[Result "1-0"]
[WhiteElo "1988"]
[BlackElo "1719"]
[PlyCount "53"]
[EventDate "2012.12.26"]
[EventType "swiss"]
[EventRounds "7"]
[EventCountry "SUI"]
[SourceTitle "EXT 2019"]
[Source "ChessBase"]
[SourceDate "2018.10.10"]
[SourceVersion "1"]
[SourceVersionDate "2018.10.10"]
[SourceQuality "1"]

1. d4 d5 2. c4 e6 3. Nc3 Nf6 4. Bg5 Be7 5. e3 0-0 6. Nf3 h6 7. Bh4 Nbd7 8. Qc2 c6 9. Bd3 b6 10. 0-0 Bb7 11. cxd5 cxd5 12. Rac1 Rc8 13. Qa4 a6 14. Qb3 b5 15. Ne2 Qb6 16. Ne5 Bd6 17. f4 Bxe5 18. fxe5 Ng4 19. Bb1 h5 20. Qd3 g6 21. Nf4 Ndxe5 22. dxe5 Qxe3+ 23. Qxe3 Nxe3 24. Rfe1 Rxc1 25. Rxc1 Kg7 26. Rc7 Bc8 27. Nxg6 1-0